[Event "NK Senioren enVeteranen 2025"]
[Site "Dieren, Netherlands"]
[Date "2025.07.16"]
[Round "5"]
[White "Van Diermen, Arie"]
[Black "Van Rijn, Anton"]
[Result "1/2-1/2"]
[BlackElo "2215"]
[BlackFed "NED"]
[BlackFideId "6064949"]
[BlackTitle "CM"]
[WhiteElo "1915"]
[WhiteFed "NED"]
[WhiteFideId "6060208"]

1.e4 c5 2.Nf3 g6 3.d4 cxd4 4.Nxd4 Bg7 5.c4 Nc6 6.Be3 Nf6 7.Nc3 d6 8.Be2 O-O
9.O-O Bd7 10.Qd2 Ng4 11.Bxg4 Bxg4 12.f3 Bd7 13.Rfd1 Ne5 14.b3 Re8 15.Rac1 b6
16.h3 Rc8 17.Qf2 Qc7 18.Qd2 Qb7 19.a4 Rcd8 20.Qf2 Bc8 21.Ndb5 Nc6 22.Nd4 Na5
23.Qa2 Bd7 24.b4 Nc6 25.Nxc6 Qxc6 26.b5 Qb7 27.a5 bxa5 28.Qxa5 Ra8 29.Nd5 Bb2
30.Rb1 Be5 31.Nc7 Bc3 32.Qxc3 Qxc7 33.c5 dxc5 34.Qxc5 Qb7 35.Qd5 Qxd5 36.Rxd5
Be6 37.Rc5 Red8 38.Rc7 Rd7 39.Rbc1 Rxc7 40.Rxc7 Rb8 41.Rxa7 Rxb5 42.Bh6 Rb8
43.Rxe7 Bc4 44.Kh2 Bb5 45.g4 Re8 46.Rxe8+ Bxe8 47.e5 Bd7 48.Kg3 Bc6 49.f4 Be4
50.Kh4 Bd3 51.Kg5 Bf1 52.h4 Be2 53.f5 Bd1 54.h5 gxf5 55.gxf5 Be2 56.e6  1/2-1/2

[Event "NK Senioren enVeteranen 2025"]
[Site "Dieren, Netherlands"]
[Date "2025.07.16"]
[Round "5"]
[White "Van Oosten, Arend"]
[Black "Hoogland, Dirk"]
[Result "1/2-1/2"]
[BlackElo "2137"]
[BlackFed "NED"]
[BlackFideId "5985199"]
[BlackTitle "CM"]
[WhiteElo "2067"]
[WhiteFed "NED"]
[WhiteFideId "6160462"]

1.e4 c5 2.Nc3 g6 3.g3 Nc6 4.Bg2 Bg7 5.d3 d6 6.Be3 Nf6 7.h3 O-O 8.Qd2 Nd4 9.Nd1
e5 10.c3 Nc6 11.Ne2 b6 12.O-O d5 13.exd5 Nxd5 14.f4 Ba6 15.Nf2 Rc8 16.Rad1 Re8
17.Ng4 Nxe3 18.Nxe3 Bh6 19.Ng4 Bg7 20.f5 f6 21.Be4 g5 22.Ne3 Ne7 23.g4 Rc7
24.Qc2 Bb7 25.Qb3+ Kf8 26.Ng3 Qa8 27.Rf2 Rd8 28.Rfd2 Rcd7 29.Kf2 Nc8 30.Bxb7
Qxb7 31.Ne4 Nd6 32.Nxd6 Rxd6 33.Qc4 a5 34.a4 R6d7 35.Ke2 Qc7 36.Qe4 Kg8 37.Nc4
Re7 38.Ne3 Red7 39.Qc4+  1/2-1/2

[Event "NK Senioren enVeteranen 2025"]
[Site "Dieren, Netherlands"]
[Date "2025.07.16"]
[Round "5"]
[White "Duch ne, Ren "]
[Black "Poelstra, Ben"]
[Result "1-0"]
[BlackElo "2036"]
[BlackFed "NED"]
[BlackFideId "7218497"]
[WhiteElo "2089"]
[WhiteFed "NED"]
[WhiteFideId "7440774"]

1.c4 Nf6 2.g3 e6 3.Bg2 d5 4.Nf3 c5 5.cxd5 exd5 6.d4 Nc6 7.O-O Be7 8.dxc5 Bxc5
9.a3 O-O 10.b4 Be7 11.Bb2 Be6 12.Nc3 Ne4 13.Nb5 a5 14.Nbd4 axb4 15.Nxc6 bxc6
16.axb4 Qb6 17.Qd4 Qxd4 18.Nxd4 Bxb4 19.Nxc6 Bc5 20.Bd4 Bxd4 21.Nxd4 Nc3
22.Rfc1 Rxa1 23.Rxa1 g6 24.Rc1 Rc8 25.Kf1 Kf8 26.Ke1 Ke7 27.f4 Ne4 28.Rxc8 Bxc8
29.Bxe4 dxe4 30.Kd2 Kd6 31.Ke3 f5 32.Kd2 Kc5 33.Kc3 Bd7 34.h4 Bc8 35.e3 Bd7
36.Nb3+ Kd5 37.Kb4 Be8 38.Nd2 Bc6 39.Nb1 Kd6 40.Kc4 Bd7 41.Na3 Ke6 42.Kc5 h6
43.Nc2 Be8 44.Nd4+ Kf6 45.Kd6 g5 46.hxg5+ hxg5 47.Ne6 gxf4 48.gxf4 Bh5 49.Nc7
Bf7 50.Na8 Bg8 51.Nb6 Kg6 52.Ke5 Kh5 53.Kxf5 Bh7+ 54.Ke5 Kg4 55.Nd5 Kf3 56.f5
Bg8 57.f6 Bf7 58.Kd4 Bg6 59.Nc3 Kg4 60.Nxe4 Kf5 61.f7 Bxf7 62.Nd6+ Ke6 63.Nxf7
Kxf7 64.Kd5 Ke7 65.Ke5  1-0

[Event "NK Senioren enVeteranen 2025"]
[Site "Dieren, Netherlands"]
[Date "2025.07.16"]
[Round "5"]
[White "Knuiman, Jan"]
[Black "Van Helvoort, Rob"]
[Result "1/2-1/2"]
[BlackElo "2079"]
[BlackFed "NED"]
[BlackFideId "6139320"]
[WhiteElo "1987"]
[WhiteFed "NED"]
[WhiteFideId "6777430"]

1.e4 e6 2.d4 d5 3.Nd2 c5 4.exd5 exd5 5.Bb5+ Nc6 6.Qe2+ Be7 7.dxc5 Nf6 8.Ngf3 O-O
9.O-O Bxc5 10.c3 Re8 11.Qd3 Bb6 12.Ba4 g6 13.Nd4 Bd7 14.Nxc6 bxc6 15.Qf3 Ng4
16.h3 Ne5 17.Qg3 Bf5 18.Nf3 Nxf3+ 19.Qxf3 Be4 20.Qg3 Bc7 21.Bf4 Bxf4 22.Qxf4
Qb6 23.b3 Re6 24.Rfe1 Rae8 25.Re3 Bf5 26.Rae1 Rxe3 27.Rxe3  1/2-1/2

[Event "NK Senioren enVeteranen 2025"]
[Site "Dieren, Netherlands"]
[Date "2025.07.16"]
[Round "5"]
[White "Drent, Sjoerd"]
[Black "Bus, Tom"]
[Result "0-1"]
[BlackElo "2089"]
[BlackFed "NED"]
[BlackFideId "6942914"]
[BlackTitle "CM"]
[WhiteElo "2019"]
[WhiteFed "NED"]
[WhiteFideId "7266765"]

1.e4 c5 2.b3 g6 3.Bb2 Nf6 4.f4 Bg7 5.Nf3 O-O 6.d3 Nc6 7.Be2 Qc7 8.g3 d5 9.e5 Ng4
10.d4 Ne3 11.Qd2 cxd4 12.Na3 a6 13.Nxd4 Nxd4 14.Bxd4 Nf5 15.Bf2 d4 16.O-O f6
17.g4 Ne3 18.Bxe3 dxe3 19.Qxe3 fxe5 20.fxe5 Be6 21.Rxf8+ Rxf8 22.Rf1 b5
23.Rxf8+ Kxf8 24.c4 Bxe5 25.cxb5 Qd6 26.Kf1 Bd4 27.Qf3+ Kg7 28.Nc2 Ba7 29.Qc3+
Kg8 30.Qf3 axb5 31.Bxb5 Qc5 32.a4 Qg1+ 33.Ke2 Bxg4  0-1

[Event "NK Senioren enVeteranen 2025"]
[Site "Dieren, Netherlands"]
[Date "2025.07.16"]
[Round "5"]
[White "Voogt, Bob"]
[Black "Burer, Audry"]
[Result "1/2-1/2"]
[BlackElo "1926"]
[BlackFed "NED"]
[BlackFideId "6016725"]
[WhiteElo "2029"]
[WhiteFed "NED"]
[WhiteFideId "6194419"]

1.e4 d6 2.d4 Nf6 3.Nc3 c6 4.a4 Qa5 5.Bd2 e5 6.Nd5 Qd8 7.Nxf6+ Qxf6 8.Bc3 Be7
9.Nf3 Nd7 10.a5 O-O 11.Bc4 exd4 12.Qxd4 Qxd4 13.Bxd4 Bf6 14.O-O Bxd4 15.Nxd4
Nc5 16.f3 g6 17.Rfd1 Rd8 18.Ra3 Kf8 19.a6 Ke7 20.Rda1 Ne6 21.axb7 Bxb7 22.Bxe6
fxe6 23.Rxa7 Rxa7 24.Rxa7 Rd7 25.b4 e5 26.Nb3 Bc8 27.Na5 c5 28.Nc6+ Ke6 29.bxc5
dxc5 30.Rxd7 Bxd7 31.Nd8+ Ke7 32.Nb7 c4 33.c3 Bc6 34.Nc5 Bb5 35.Kf2 Kd6 36.Nb7+
Kc7 37.Nc5 Kd6 38.Nb7+  1/2-1/2

[Event "NK Senioren enVeteranen 2025"]
[Site "Dieren, Netherlands"]
[Date "2025.07.16"]
[Round "5"]
[White "Houweling, Bert"]
[Black "Massink, Henk"]
[Result "1-0"]
[BlackElo "1909"]
[BlackFed "NED"]
[BlackFideId "6263829"]
[WhiteElo "2027"]
[WhiteFed "NED"]
[WhiteFideId "6203637"]

1.e4 b6 2.d4 Bb7 3.Nc3 e6 4.Nf3 Bb4 5.Bd3 Nf6 6.e5 Ne4 7.O-O Nxc3 8.bxc3 Bxc3
9.Rb1 Nc6 10.Be3 Ba5 11.Ng5 Qe7 12.Nxh7 O-O-O 13.Bg5 f6 14.exf6 Qf7 15.fxg7
Qxg7 16.Bf6 Qg8 17.Bxh8 Nxd4 18.f3 Qxh8 19.Ng5 Rg8 20.Ne4 Nf5 21.Qe2 Qh6 22.Ba6
Rh8 23.g4 Nd4 24.Bxb7+ Kxb7 25.Qg2 d5 26.Nc5+ Kc8 27.Nb3 Nxb3 28.axb3 Bd2
29.Ra1 Bf4 30.h3 a5 31.b4 Be3+ 32.Kh1 Kd7 33.bxa5 bxa5 34.Rxa5 Rb8 35.c4 d4
36.g5 Qg6 37.f4 Rb1 38.f5 Rxf1+ 39.Qxf1 exf5 40.Qxf5+ Qxf5 41.Rxf5 Ke6 42.g6
Bh6 43.Rd5 Be3 44.g7 Kf7 45.Rd7+ Kg8 46.Rxc7 d3 47.Rd7 d2 48.Kg2  1-0

[Event "NK Senioren enVeteranen 2025"]
[Site "Dieren, Netherlands"]
[Date "2025.07.16"]
[Round "5"]
[White "Hummel, Joop"]
[Black "Ellenbroek, Ton"]
[Result "0-1"]
[BlackElo "2002"]
[BlackFed "NED"]
[BlackFideId "7339552"]
[WhiteElo "1972"]
[WhiteFed "NED"]
[WhiteFideId "7534857"]

1.d4 Nf6 2.c4 g6 3.Nc3 d5 4.cxd5 Nxd5 5.e4 Nxc3 6.bxc3 c5 7.Nf3 Bg7 8.Rb1 O-O
9.Be2 Bg4 10.Rxb7 Nc6 11.d5 Bxf3 12.gxf3 Bxc3+ 13.Bd2 Bxd2+ 14.Qxd2 Nd4 15.Rb2
Rb8 16.O-O Rxb2 17.Qxb2 Qb6 18.Qd2 Qb4 19.Rd1 Rb8 20.Kg2 a5 21.f4 Qa3 22.Qd3
Qxa2 23.Bg4 h5 24.Bxh5 gxh5 25.Qg3+ Kh7  0-1

[Event "NK Senioren en Veteranen 2025"]
[Site "Dieren, Netherlands"]
[Date "2025.07.17"]
[Round "6"]
[White "Baarslag, Ed"]
[Black "Bottema, Tom"]
[Result "1/2-1/2"]
[WhiteElo "2059"]
[BlackElo "2166"]
[PlyCount "70"]
[EventDate "2025.??.??"]

1. d4 g6 2. c4 Bg7 3. Nc3 d6 4. e4 e5 5. Nge2 Be6 6. d5 Bd7 7. h4 h5 8. Bg5 f6
9. Be3 Bh6 10. Qd2 a5 11. f3 Na6 12. O-O-O Nc5 13. Kb1 Bxe3 14. Qxe3 Nh6 15. b3
Qe7 16. Nb5 Rc8 17. Qd2 b6 18. Nec3 Qg7 19. Bd3 O-O 20. Bc2 Kh8 21. Rdf1 f5 22.
Rf2 fxe4 23. fxe4 Rxf2 24. Qxf2 Rf8 25. Qe1 Na6 26. Rf1 Ng4 27. Bd1 Rxf1 28.
Qxf1 Qf6 29. Qxf6+ Nxf6 30. Bf3 Kg7 31. Kc1 Kf7 32. Kd2 Ke7 33. Nd1 Kd8 34. Nf2
Nc5 35. Nc3 Ke7 1/2-1/2

[Event "NK Senioren en Veteranen 2025"]
[Site "Dieren, Netherlands"]
[Date "2025.07.17"]
[Round "6"]
[White "Poelstra, Ben"]
[Black "Hageman, Ger"]
[Result "1-0"]
[WhiteElo "2036"]
[BlackElo "2002"]
[PlyCount "45"]
[EventDate "2025.??.??"]

1. e4 e5 2. Nf3 Nc6 3. d4 exd4 4. Nxd4 Nf6 5. Nc3 Bb4 6. Nxc6 bxc6 7. Bd3 O-O
8. O-O Re8 9. Bg5 d5 10. exd5 cxd5 11. Bxf6 gxf6 12. Nxd5 Bd6 13. Qf3 Be5 14.
Nxf6+ Bxf6 15. Qxa8 Qd4 16. Rae1 Rd8 17. Qe4 Qxb2 18. Qxh7+ Kf8 19. Qh6+ Bg7
20. Qg5 Bf6 21. Qc5+ Kg7 22. Qxc7 Rh8 23. Bc4 1-0

[Event "NK Senioren en Veteranen 2025"]
[Site "Dieren, Netherlands"]
[Date "2025.07.17"]
[Round "6"]
[White "Ellenbroek, Ton"]
[Black "Mijnheer, Peter"]
[Result "1/2-1/2"]
[WhiteElo "2002"]
[BlackElo "2153"]
[PlyCount "46"]
[EventDate "2025.??.??"]

1. d4 d5 2. c4 c6 3. Nc3 Nf6 4. cxd5 cxd5 5. Bf4 Nc6 6. e3 Bf5 7. Qb3 Na5 8.
Qa4+ Bd7 9. Bb5 Nc6 10. Qd1 e6 11. Rc1 Be7 12. Nf3 O-O 13. h3 Rc8 14. Bd3 Qb6
15. Qd2 Nb4 16. Bb1 Ne4 17. Qd1 Bb5 18. Nxb5 Qxb5 19. a3 Rxc1 20. Qxc1 Nd3+ 21.
Bxd3 Qxd3 22. Ne5 Qa6 23. Qc2 f6 1/2-1/2

[Event "NK Senioren en Veteranen 2025"]
[Site "Dieren, Netherlands"]
[Date "2025.07.17"]
[Round "6"]
[White "Elskamp, Dries"]
[Black "Houweling, Bert"]
[Result "0-1"]
[WhiteElo "1914"]
[BlackElo "2027"]
[Annotator "User,Windows"]
[PlyCount "57"]
[EventDate "2025.??.??"]

1. d4 Nf6 2. c4 c5 3. Nf3 cxd4 4. Nxd4 e5 5. Nb5 d5 6. cxd5 Bc5 7. e3 O-O 8.
N1c3 Bf5 9. Bd3 e4 10. Be2 Bg6 11. a3 a6 12. b4 Bb6 13. Nd4 Nxd5 14. Nxd5 Qxd5
15. Bb2 Qg5 16. Kf1 Rd8 17. Qc2 Qe7 18. h4 Bxd4 19. Bxd4 Nc6 20. Bb2 Rac8 21.
Qc3 Nd4 22. Bc4 b5 23. exd4 Rxc4 24. Qe3 Rc2 25. Bc3 Qe6 26. Kg1 Qc4 27. Rh3
Rc8 28. Be1 Re2 29. Qd2 $4 0-1

[Event "NK Senioren en Veteranen 2025"]
[Site "Dieren, Netherlands"]
[Date "2025.07.17"]
[Round "6"]
[White "Hummel, Joop"]
[Black "Homs, Guust"]
[Result "1/2-1/2"]
[WhiteElo "1972"]
[BlackElo "2113"]
[PlyCount "56"]
[EventDate "2025.??.??"]

1. d4 d5 2. c4 dxc4 3. e3 Nf6 4. Bxc4 e6 5. Nf3 Nbd7 6. Nc3 a6 7. O-O b5 8. Bd3
Bb7 9. Qe2 c5 10. a3 Qb6 11. b3 Be7 12. Bb2 O-O 13. Rac1 Rac8 14. Rfd1 Rfd8 15.
h3 h6 16. Bb1 Ba8 17. e4 cxd4 18. Nxd4 Ne5 19. Nf3 Nxf3+ 20. Qxf3 Rxd1+ 21.
Rxd1 Rd8 22. Qe2 Rxd1+ 23. Qxd1 Bc5 24. Qc2 Qc6 25. Qd3 Bb6 26. Qg3 Bc7 27. Qd3
Nd7 28. Ne2 Qd6 1/2-1/2

[Event "NK Senioren en Veteranen 2025"]
[Site "Dieren, Netherlands"]
[Date "2025.07.17"]
[Round "6"]
[White "Schouten, Nico"]
[Black "Knuiman, Jan"]
[Result "1-0"]
[WhiteElo "2068"]
[BlackElo "1987"]
[PlyCount "59"]
[EventDate "2025.??.??"]

1. d4 Nf6 2. c4 e5 3. dxe5 Ng4 4. Nf3 Nc6 5. e3 Ngxe5 6. Nxe5 Nxe5 7. Be2 b6 8.
O-O Bb7 9. Nc3 Be7 10. b3 O-O 11. Bb2 Bf6 12. Qd2 d6 13. Nd5 Bh4 14. e4 Bxd5
15. cxd5 Bf6 16. Rac1 a5 17. f4 Nd7 18. Bf3 Ra7 19. Rcd1 Re8 20. Rfe1 Bxb2 21.
Qxb2 f6 22. Qd4 Re7 23. Re3 Ra8 24. Bg4 Qf8 25. Be6+ Kh8 26. a3 Nc5 27. f5 b5
28. Rh3 Nd7 29. Qc3 Ne5 30. Rxh7+ 1-0

[Event "NK Senioren en Veteranen 2025"]
[Site "Dieren, Netherlands"]
[Date "2025.07.17"]
[Round "6"]
[White "Cornelisse, John"]
[Black "Koopman, Hendrik"]
[Result "0-1"]
[WhiteElo "2158"]
[BlackElo "2072"]
[PlyCount "76"]
[EventDate "2025.??.??"]

1. Nf3 d5 2. g3 Nc6 3. d4 Nf6 4. Bg2 e6 5. O-O Be7 6. c4 O-O 7. b3 a5 8. Nc3
Ne4 9. Nb5 Nb4 10. Bb2 c6 11. Nc3 Nd6 12. a3 Na6 13. c5 Nf5 14. Na4 Nb8 15. e4
dxe4 16. Ne5 e3 17. Qd3 exf2+ 18. Rxf2 Nd7 19. Nxd7 Bxd7 20. Be4 g6 21. g4 Nh4
22. Nb6 Ra6 23. Qc3 f5 24. gxf5 exf5 25. Qc4+ Kg7 26. Nxd7 Qxd7 27. d5+ Bf6 28.
dxc6 Rxc6 29. Bxf6+ Rcxf6 30. Bh1 f4 31. Qc3 Qg4+ 32. Kf1 f3 33. Rd1 Kh6 34.
Rd4 Qh3+ 35. Kg1 Rf5 36. Rxh4+ Qxh4 37. Bxf3 g5 38. Qe3 Qf4 0-1

[Event "NK Senioren en Veteranen 2025"]
[Site "Dieren, Netherlands"]
[Date "2025.07.17"]
[Round "6"]
[White "Beukema, Henk Jan"]
[Black "Voogt, Bob"]
[Result "1/2-1/2"]
[WhiteElo "1981"]
[BlackElo "2029"]
[PlyCount "76"]
[EventDate "2025.??.??"]

1. d4 d5 2. Bf4 Nf6 3. e3 c5 4. Nf3 e6 5. Nbd2 Qb6 6. Be2 Bd6 7. Bg3 Nbd7 8.
O-O O-O 9. Ne5 Qc7 10. Nxd7 Bxd7 11. Bxd6 Qxd6 12. c3 e5 13. dxe5 Qxe5 14. Nf3
Qe7 15. Qb3 Bf5 16. Rad1 a6 17. Rfe1 Rad8 18. Rd2 Rfe8 19. Qd1 h6 20. h3 Rd7
21. Bd3 Be4 22. Bxe4 dxe4 23. Rxd7 Nxd7 24. Nd2 b5 25. Nxe4 Rd8 26. Ng3 Ne5 27.
Qe2 Nd3 28. Rd1 c4 29. Rd2 g6 30. Qf3 Rd6 31. Qe4 Re6 32. Qd4 h5 33. Ne2 Rf6
34. Ng3 Re6 35. Kh2 Rd6 36. Qe4 Re6 37. Qd5 Rd6 38. Qe4 Re6 1/2-1/2

[Event "NK Senioren en Veteranen 2025"]
[Site "Dieren, Netherlands"]
[Date "2025.07.17"]
[Round "6"]
[White "Lootsma, Jan"]
[Black "Schriemer, Oene"]
[Result "1/2-1/2"]
[WhiteElo "2004"]
[BlackElo "2056"]
[PlyCount "112"]
[EventDate "2025.??.??"]

1. e4 c5 2. Nf3 g6 3. c3 d5 4. exd5 Qxd5 5. d4 Bg7 6. Be2 Nf6 7. O-O O-O 8.
dxc5 Qxc5 9. Be3 Qc7 10. Na3 Nc6 11. Nb5 Qb8 12. Qc1 a6 13. Nbd4 Nxd4 14. Bxd4
Bf5 15. h3 Nd7 16. Bxg7 Kxg7 17. Nd4 Be4 18. Qe3 Nf6 19. f3 Qg3 20. Qf2 Qxf2+
21. Kxf2 e5 22. fxe4 exd4 23. Bf3 dxc3 24. bxc3 Nd7 25. Rfd1 Ne5 26. Rab1 b5
27. Rd5 f6 28. Ra1 Rfc8 29. a4 bxa4 30. Rxa4 Rxc3 31. Rd6 a5 32. Rd5 Nd3+ 33.
Kg3 Nc5 34. Ra2 a4 35. e5 fxe5 36. Rxc5 Rxc5 37. Bxa8 Ra5 38. Be4 a3 39. Kf3 h6
40. Ke3 Kf6 41. Kd3 Kg5 42. g3 h5 43. Ke3 Kh6 44. Bd3 Ra4 45. Be2 Ra5 46. Ke4
Kg5 47. Bd3 h4 48. g4 Kh6 49. Bc4 Kg5 50. Bd5 Kh6 51. Kxe5 Ra4 52. Be6 Kg5 53.
Rf2 Ra5+ 54. Bd5 Ra4 55. Be6 Ra5+ 56. Bd5 Ra4 1/2-1/2

[Event "NK Senioren en Veteranen 2025"]
[Site "Dieren, Netherlands"]
[Date "2025.07.17"]
[Round "6"]
[White "Etmans, Maarten"]
[Black "Burer, Audry"]
[Result "0-1"]
[WhiteElo "1945"]
[BlackElo "1926"]
[PlyCount "138"]
[EventDate "2025.??.??"]

1. e4 d6 2. Nf3 Nf6 3. Nc3 c6 4. g3 e5 5. Bg2 Be7 6. O-O O-O 7. h3 h6 8. d4 Qc7
9. Be3 Re8 10. Ne1 Nbd7 11. f4 Bf8 12. fxe5 dxe5 13. Kh2 exd4 14. Bxd4 Bd6 15.
Qf3 Ne5 16. Bxe5 Bxe5 17. Qe3 h5 18. Nd3 Bxc3 19. bxc3 h4 20. e5 hxg3+ 21. Qxg3
Nh5 22. Qg5 g6 23. Bf3 Ng7 24. Bg4 Be6 25. Bxe6 Nxe6 26. Qg3 Ng7 27. Rae1 Qe7
28. Re2 Nh5 29. Qf2 b6 30. Re3 Rad8 31. Rf3 Rf8 32. Re1 Qe6 33. a3 c5 34. Nf4
Nxf4 35. Rxf4 Rd5 36. Rf6 Qe7 37. e6 Kg7 38. Rxf7+ Rxf7 39. exf7 Qxf7 40. Qe3
Rf5 41. Rg1 Rf3 42. Qe5+ Kh7 43. Rg4 Rf2+ 44. Kg3 Qf3+ 45. Kh4 Qf6+ 46. Qxf6
Rxf6 47. Re4 a5 48. Re7+ Kh6 49. Rb7 Rf4+ 50. Kg3 Rc4 51. Rxb6 Rxc3+ 52. Kg4
Rxc2 53. Rb5 Rc4+ 54. Kg3 a4 55. Ra5 Kh5 56. Ra8 g5 57. Rh8+ Kg6 58. Ra8 Rc3+
59. Kg4 Rc4+ 60. Kf3 Rd4 61. Ra5 Rc4 62. Ke2 Kf5 63. Kd3 Rh4 64. Rxc5+ Kg6 65.
Kc3 Rxh3+ 66. Kb4 Rh4+ 67. Kb5 Rf4 68. Rc8 g4 69. Rc3 Kg5 0-1

[Event "NK Senioren en Veteranen 2025"]
[Site "Dieren, Netherlands"]
[Date "2025.07.17"]
[Round "6"]
[White "Dijkstra, Matthijs"]
[Black "Van Diermen, Arie"]
[Result "1-0"]
[WhiteElo "2095"]
[BlackElo "1915"]
[PlyCount "119"]
[EventDate "2025.??.??"]

1. c4 g6 2. g3 Bg7 3. Bg2 Nf6 4. Nc3 O-O 5. Nf3 d6 6. O-O e5 7. b3 c5 8. Bb2
Nc6 9. d3 Rb8 10. Qd2 Nh5 11. Nd5 f5 12. b4 b6 13. bxc5 bxc5 14. Bc3 h6 15.
Rab1 Be6 16. Rxb8 Qxb8 17. Ne1 Kh7 18. Bf3 Bxd5 19. cxd5 Ne7 20. Bxh5 Nxd5 21.
e4 Nxc3 22. Bxg6+ Kxg6 23. exf5+ Rxf5 24. Qxc3 Kh7 25. Ng2 Qf8 26. Qc4 Qf7 27.
Qc2 Kg8 28. Rb1 Qe6 29. Ne3 Rf7 30. a4 Rc7 31. a5 d5 32. Rb8+ Bf8 33. Qe2 e4
34. Ng2 Qf5 35. dxe4 Qxe4 36. Qd2 Rc6 37. Nf4 d4 38. Qd1 Qf5 39. Qf3 Rd6 40.
Qb3+ Qf7 41. Qb5 Qf5 42. Qc4+ Kh8 43. Nd3 Rf6 44. Rd8 Kg7 45. Re8 Qf3 46. Nf4
Qd1+ 47. Kg2 Rxf4 48. gxf4 Qg4+ 49. Kf1 Qh3+ 50. Ke1 Qxh2 51. Qe2 Qxf4 52. Qe5+
Qxe5+ 53. Rxe5 Kf7 54. a6 Bd6 55. Rh5 Ke6 56. Rxh6+ Kd5 57. Rh7 c4 58. Rxa7
Bb4+ 59. Kd1 Ke4 60. Rh7 1-0

[Event "NK Senioren en Veteranen 2025"]
[Site "Dieren, Netherlands"]
[Date "2025.07.17"]
[Round "6"]
[White "Van Rijn, Anton"]
[Black "Duch ne, Ren "]
[Result "1-0"]
[BlackElo "2089"]
[BlackFed "NED"]
[BlackFideId "7440774"]
[WhiteElo "2215"]
[WhiteFed "NED"]
[WhiteFideId "6064949"]
[WhiteTitle "CM"]

1.Nf3 c5 2.c4 g6 3.d4 cxd4 4.Nxd4 Nc6 5.Nc3 Bg7 6.Nb3 Nf6 7.g3 d6 8.Bg2 O-O
9.O-O Be6 10.Nd5 Ne5 11.Nd4 Bxd5 12.cxd5 Qb6 13.Rb1 Rfc8 14.b3 Rc5 15.Nc2 Qc7
16.Na3 Qd8 17.f4 Neg4 18.e3 Qb6 19.Bd2 h5 20.Nc4 Qc7 21.h3 b5 22.Nb2 Nh6 23.Nd3
Rxd5 24.Nb4 Rxd2 25.Qxd2 Re8 26.Rfc1 Qb6 27.Rc6 Qb8 28.e4 Nd7 29.Rbc1 Nb6
30.Nd5 f5 31.Nxb6 axb6 32.Qd5+ Nf7 33.exf5 gxf5 34.Qxf5 e6 35.Qxh5 d5 36.Rc7
Rf8 37.Qg6 Qa8 38.Bf1 e5 39.fxe5  1-0

[Event "NK Senioren en Veteranen 2025"]
[Site "Dieren, Netherlands"]
[Date "2025.07.17"]
[Round "6"]
[White "Boersma, Jan"]
[Black "Geboers, Jimmy"]
[Result "1-0"]
[BlackElo "2045"]
[BlackFed "BEL"]
[BlackFideId "8111004"]
[WhiteElo "2105"]
[WhiteFed "NED"]
[WhiteFideId "6027274"]

1.e4 e6 2.d4 d5 3.Nc3 Nf6 4.e5 Nfd7 5.Nf3 c5 6.Bg5 Qb6 7.dxc5 Bxc5 8.Qd2 Bb4
9.a3 Qa5 10.Rb1 Bxc3 11.bxc3 Nc6 12.Bb5 Nc5 13.Nd4 Bd7 14.Bxc6 Bxc6 15.f3 Na4
16.Rb4 O-O 17.O-O Qc5 18.Kh1 Rfe8 19.Nxc6 Qxc6 20.Bf6 Kf8 21.Rg4 gxf6 22.exf6
Red8 23.Rg8+ Kxg8 24.Qh6  1-0

[Event "NK Senioren en Veteranen 2025"]
[Site "Dieren, Netherlands"]
[Date "2025.07.17"]
[Round "6"]
[White "Van Helvoort, Rob"]
[Black "Schakel, Tim"]
[Result "1-0"]
[BlackElo "2033"]
[BlackFed "NED"]
[BlackFideId "7440422"]
[WhiteElo "2079"]
[WhiteFed "NED"]
[WhiteFideId "6139320"]

1.f4 (1.e4 c5 2.Nf3 Nc6 3.Bb5 Qc7 4.O-O a6 5.Bxc6 Qxc6 6.d4 d6 7.d5 Qc7 8.h3 g6
9.Bd2 Bg7 10.Bc3 Nf6 11.e5 Ne4 12.exd6 Nxc3 13.Nxc3 exd6 14.Re1+ Kf8 15.Qd2 h6
16.Re2 Bf5 17.g4 Bd7 18.Rae1 Kg8 19.Ne4 h5 20.Qf4 hxg4 21.hxg4 f5 22.gxf5 Bxf5
23.Nxd6 Rh3 24.Ng5 Rh5 25.Re8+ Rxe8 26.Rxe8+ Bf8 27.Rxf8+ ) 1-0

[Event "NK Senioren en Veteranen 2025"]
[Site "Dieren, Netherlands"]
[Date "2025.07.17"]
[Round "6"]
[White "Visser, Gerrit"]
[Black "Van Oosten, Arend"]
[Result "0-1"]
[BlackElo "2067"]
[BlackFed "NED"]
[BlackFideId "6160462"]
[WhiteElo "1929"]
[WhiteFed "NED"]
[WhiteFideId "7157744"]

1.e4 e6 2.d4 d5 3.e5 c5 4.c3 Nc6 5.Nf3 Qb6 6.Be2 Nge7 7.dxc5 Qc7 8.c4 Nxe5
9.cxd5 Nxd5 10.Bb5+ Bd7 11.Bxd7+ Nxd7 12.O-O Bxc5 13.Nbd2 O-O 14.Ne4 Be7 15.Bd2
N7f6 16.Nxf6+ Bxf6 17.Rc1 Qb6 18.b3 Rfd8 19.Qe2 Qd6 20.g3 h6 21.Rc4 Rac8
22.Rfc1 Rxc4 23.bxc4 Ne7 24.Be3 Nc6 25.Qc2 Qd3 26.Qa4 Qf5 27.Kg2 a6 28.Qb3 Rd7
29.c5 g5 30.Qb1 Qd5 31.Qb3 Qxb3 32.axb3 Rd3 33.Rb1 Kf8 34.b4 Na7 35.h4 gxh4
36.Bxh6+ Bg7 37.Bxg7+ Kxg7 38.gxh4 f6 39.Re1 e5 40.Re4 Rb3 41.Ne1 Nc6 42.Nc2 f5
43.Rc4 Kf6 44.f4 e4 45.h5 Rf3 46.Nd4 Rxf4 47.Nxc6 bxc6 {[%csl ,Gc6]}48.Rd4 Ke5
49.Rd8 Rh4 50.Rh8 Kf4 51.h6 Ke3 52.h7 f4 53.Ra8 Rxh7 54.Rxa6 f3+  0-1

[Event "NK Senioren en Veteranen 2025"]
[Site "Dieren, Netherlands"]
[Date "2025.07.17"]
[Round "6"]
[White "Bus, Tom"]
[Black "Jonkman, Fokke"]
[Result "1-0"]
[BlackElo "2007"]
[BlackFed "NED"]
[BlackFideId "6875792"]
[WhiteElo "2089"]
[WhiteFed "NED"]
[WhiteFideId "6942914"]
[WhiteTitle "CM"]

1.Nf3 c5 2.e4 g6 3.d4 cxd4 4.Nxd4 Bg7 5.c4 Nf6 6.Nc3 O-O 7.Be3 d6 8.Be2 Nc6
9.O-O Bd7 10.Nc2 a5 11.f4 a4 12.Bf2 Be6 13.Ne3 a3 14.b3 Bg4 15.Rc1 Bxe2 16.Qxe2
Nd4 17.Qd3 Nd7 18.Ned5 Nc5 19.Qd1 e5 20.f5 Bh6 21.f6 Nce6 22.Be3 Bxe3+ 23.Nxe3
Nf4 24.Rxf4 exf4 25.Qxd4 fxe3 26.Nd5 Qa5 27.b4 Qa7 28.c5 dxc5 29.bxc5 e2 30.Qe3
Rfc8 31.Kf2 Qa5 32.Qh6 e1=Q+ 33.Kf3  1-0

[Event "NK Senioren en Veteranen 2025"]
[Site "Dieren, Netherlands"]
[Date "2025.07.17"]
[Round "6"]
[White "Massink, Henk"]
[Black "Perrenet, Jacob"]
[Result "1-0"]
[BlackElo "1940"]
[BlackFed "NED"]
[BlackFideId "7021619"]
[WhiteElo "1909"]
[WhiteFed "NED"]
[WhiteFideId "6263829"]

1.b3 d5 2.Bb2 Bg4 3.f3 Bf5 4.e3 e6 5.Ne2 Nf6 6.g4 Nxg4 7.fxg4 Bxg4 8.Bg2 Be7
9.O-O Nc6 10.Qe1 Bh4 11.Ng3 Qg5 12.Qf2 f5 13.Qf4 Qe7 14.Ba3 Qd7 15.Nc3 O-O-O
16.d4 Bf6 17.Qf2 h5 18.Nge2 g5 19.h3 Bxe2 20.Nxe2 Qg7 21.Kh1 Ne7 22.c4 g4
23.Nf4 Qf7 24.cxd5 gxh3 25.Bxh3 Kb8 26.dxe6 Qe8 27.Bg2 h4 28.Qf3 c6 29.Bh3 Rg8
30.Rg1 Bg5 31.Rg2 Bxf4 32.Qxf4+ Ka8 33.Rxg8 Nxg8  1-0

[Event "NK Senioren en Veteranen 2025"]
[Site "Dieren, Netherlands"]
[Date "2025.07.17"]
[Round "6"]
[White "Ten Ham, John"]
[Black "Drent, Sjoerd"]
[Result "1/2-1/2"]
[BlackElo "2019"]
[BlackFed "NED"]
[BlackFideId "7266765"]
[WhiteElo "1972"]
[WhiteFed "NED"]
[WhiteFideId "8224557"]

1.d4 e6 2.c4 d5 3.Nc3 c5 4.e3 Nf6 5.Nf3 Nc6 6.Be2 Be7 7.O-O O-O 8.b3 b6 9.Bb2
Bb7 10.Rc1 Rc8 11.cxd5 Nxd5 12.dxc5 Bxc5 13.Nxd5 exd5 14.Nd4 Nxd4 15.Bxd4 Ba3
16.Rc2 Qg5 17.f4 Qe7 18.Bg4 f5 19.Rxc8 Bxc8 20.Bf3 Be6 21.Rf2 Rc8 22.Rc2 Qd7
23.Kf2  1/2-1/2